000
00317nam a2200133Ia 4500
005
20251222144855.0
008
251222s9999||||xx |||||||||||||| ||spa||
020
_a
0-03-007554-8
082
_a
338.5/N54
100
_a
Nicholson, Walter
245
0
_a
TeorÃa Microeconómica:
264
_b
McGraw-Hill
942
_c
LIB
999
_c
21765
_d
21765